|
|
|
|
| LEADER |
00000nam0a2200000 4500 |
| 001 |
152844 |
| 005 |
20231031151155.0 |
| 010 |
|
|
|a 9785967601309
|
| 035 |
|
|
|a (RuTPU)RU\TPU\book\165712
|
| 090 |
|
|
|a 152844
|
| 100 |
|
|
|a 20090205d2008 k y0rusy50 ca
|
| 101 |
0 |
|
|a rus
|
| 102 |
|
|
|a RU
|
| 105 |
|
|
|a y z 001zb
|
| 200 |
1 |
|
|a Литературные стратегии Виктора Пелевина
|f О. В. Богданова, С. А. Кибальник, Л. В. Сафронова
|
| 210 |
|
|
|a СПб.
|c Петрополис
|d 2008
|
| 215 |
|
|
|a 184 с.
|
| 225 |
1 |
|
|a Споры о современной словесности
|
| 318 |
|
|
|5 63413507
|a Русская литература: неизвестное об известных
|b выставка
|
| 320 |
|
|
|a Библиогр.: с. 164-180.
|
| 330 |
|
|
|a «Соображенная на троих», эта книга представляет собой совместную работу трех авторов — докторов филологических наук О. В. Богдановой, С. А. Кибальника и Л. В. Сафроновой. Она посвящена литературным стратегиям одного из самых успешных и популярных современных писателей — Виктора Пелевина. В книге рассматриваются роль рекламных технологий и психоаналитических практик в творчестве писателя, интертекстуальные практики и игры с претекстами, на которых построены отдельные его произведения, поп-артистские стратегии, а также их соотношение с современным постмодернизмом и западной контркультурой.
|
| 600 |
|
1 |
|a Пелевин
|b В. О.
|g Виктор Олегович
|f 1962-
|c русский писатель
|c прозаик
|2 stltpush
|3 (RuTPU)RU\TPU\pers\4802
|
| 610 |
1 |
|
|a русская литература
|
| 610 |
1 |
|
|a литературоведение
|
| 610 |
1 |
|
|a творчество
|
| 675 |
|
|
|a 8Р2(092)
|v 3
|
| 700 |
|
1 |
|a Богданова
|b О. В.
|g Ольга Владимировна
|
| 701 |
|
1 |
|a Кибальник
|b С. А.
|g Сергей Акимович
|
| 701 |
|
1 |
|a Сафронова
|b Л. В.
|g Людмила Васильевна
|
| 801 |
|
1 |
|a RU
|b 63413507
|c 20090205
|g PSBO
|
| 801 |
|
2 |
|a RU
|b 63413507
|c 20111018
|g RCR
|
| 942 |
|
|
|c BK
|
| 959 |
|
|
|a 18/20090203
|d 1
|e 255,00
|f ХФ:1
|